<?xml version="1.0" encoding="UTF-8"?>
<marc:record xmlns:marc="http://www.loc.gov/MARC21/slim">
   <marc:leader>00000nam a2200000 a 4500</marc:leader>
   <marc:datafield ind1="1" ind2=" " tag="100">
      <marc:subfield code="a">Hargrave, Kiran Millwood</marc:subfield>
      <marc:subfield code="4">aut</marc:subfield>
      <marc:subfield code="e">Verfasser/-in</marc:subfield>
   </marc:datafield>
   <marc:datafield ind1="1" ind2=" " tag="100">
      <marc:subfield code="a">Stumpf, Andrea</marc:subfield>
   </marc:datafield>
   <marc:datafield ind1="1" ind2=" " tag="100">
      <marc:subfield code="a">Werbeck, Gabriele</marc:subfield>
   </marc:datafield>
   <marc:datafield ind1=" " ind2=" " tag="653">
      <marc:subfield code="a">LGBT Romane</marc:subfield>
   </marc:datafield>
   <marc:datafield ind1="0" ind2="0" tag="245">
      <marc:subfield code="a">Fast ein Leben</marc:subfield>
   </marc:datafield>
   <marc:datafield ind1="0" ind2="0" tag="245">
      <marc:subfield code="c">Hargrave, Kiran Millwood</marc:subfield>
   </marc:datafield>
   <marc:datafield ind1=" " ind2="1" tag="264">
      <marc:subfield code="a">[S.l.] @</marc:subfield>
      <marc:subfield code="b">Kein &amp; Aber</marc:subfield>
      <marc:subfield code="c">2026</marc:subfield>
   </marc:datafield>
   <marc:datafield ind1=" " ind2=" " tag="250">
      <marc:subfield code="a">1. Auflage</marc:subfield>
   </marc:datafield>
   <marc:datafield ind1="1" ind2=" " tag="520">
      <marc:subfield code="a">Dass es die Liebe fürs Leben sein könnte, ahnen die beiden jungen Frauen nicht. Auch als sich ihre Wege über Jahrzehnte immer wieder kreuzen, vergeht fast ein ganzes Leben, bevor sie begreifen, dass das, wonach sie suchen, von Anfang an direkt vor ihnen stand.&#xD;
&#xD;
»In Fast ein Leben weicht eine leidenschaftliche Liebesbeziehung zwischen zwei jungen Frauen einer lebenslangen Reihe von Was-wäre-wenns.« NEW YORK TIMES&#xD;
»Eine feinfühlige, vielschichtige und bewegende Auseinandersetzung mit wahrer Liebe und Leidenschaft.« THE GUARDIAN&#xD;
»Eine mitreißende Geschichte über die Höhen und Tiefen einer alles umfassenden Liebe.« PEOPLE MAGAZIN&#xD;
»Kiran Millwood Hargrave zeigt die Schönheit eines wahrhaft gelebten Lebens, wenn wir nur mutig genug sind, es anzunehmen.« HARPER’S BAZAR</marc:subfield>
   </marc:datafield>
   <marc:datafield ind1=" " ind2=" " tag="020">
      <marc:subfield code="a">9783036950907</marc:subfield>
      <marc:subfield code="9">9783036950907</marc:subfield>
   </marc:datafield>
   <marc:datafield ind1=" " ind2=" " tag="020">
      <marc:subfield code="a">3036950907</marc:subfield>
      <marc:subfield code="9">3036950907</marc:subfield>
   </marc:datafield>
   <marc:datafield ind1=" " ind2=" " tag="041">
      <marc:subfield code="a">ger</marc:subfield>
   </marc:datafield>
   <marc:datafield ind1=" " ind2=" " tag="338">
      <marc:subfield code="a">Band</marc:subfield>
   </marc:datafield>
   <marc:datafield ind1=" " ind2=" " tag="300">
      <marc:subfield code="a">572 Seiten</marc:subfield>
   </marc:datafield>
</marc:record>
